Logical introduction to databases

Αποθηκεύτηκε σε:
Λεπτομέρειες βιβλιογραφικής εγγραφής
Κύριος συγγραφέας: Grant, John
Μορφή: Βιβλίο
Γλώσσα:English
Δημοσίευση: San Diego : Harcourt Brace Jovanovich, 1987
Θέματα:
Ετικέτες: Προσθήκη ετικέτας
Δεν υπάρχουν, Καταχωρήστε ετικέτα πρώτοι!

MARC

LEADER 00000nam a2200000 i 4500
001 1/76376
008 990429s1987 eng d
020 |a 0-15-551175-0 
035 |l 10049586 
040 |a GR-MY-UA  |b gre  |e aacr 
041 0 |a eng 
082 0 |a 005.74 
100 1 |a Grant, John. 
245 1 0 |a Logical introduction to databases /  |c John Grant 
260 |a San Diego :   |b Harcourt Brace Jovanovich,   |c 1987 
300 |a xi, 466 p.;  |b ill.;  |c 24 cm. 
500 |a Includes bibliographical references and index 
650 0 0 |a Database management. 
852 |a INST  |b SAMOS  |e 19990429  |h 005.74 GRA  |p 005300012658  |q 005300012658  |t BK  |y 0 
901 |a BIBL-1999-1 
909 |a Σ  |b 064783 
922 |a 3ΕΛΗ  |b 199903  |c ΚΠΣ  |d GLORY